01016nam a2200217 a 450000100100000000500170001000800410002704000250006808200150009310000350010824500950014326000480023830000360028649000690032249000240039150000760041583000770049183000320056895201810060099900170078100004578620201002052437.0150512s1991 dr a 000 0 spa d aDO-SdBNPbspacBNPHU axxxxbxxxx1 aGuerra Reinoso, Alberto97386913aLa técnica de presentación :bun método y una expresión /cAlberto Guerra Reinoso. aSanto Domingo :bUniversitaria-UASD,c1991. a198 p. :bil., retrs. ;c20 cm.1 aPublicaciones de la Universidad Autónoma de Santo Domingov4261 aArte y sociedadv33 aIncluye datos biográficos del autor en la solapa de la contracubierta 0aPublicaciones de la Universidad Autónoma de Santo Domingo.n426973870 0aArte y sociedad.n33973871 0010718PDaPDbPDcCTd2015-05-12iLF1l0oxxxx xxxxp45786-10r2020-06-25w2020-06-25yLFPDz Perteneció a la biblioteca personal de Erick Landestoy.ZNo se presta c45275d45275